Finisci la canzone #2 -canzoni italiane - Statistics

Statistiche generali
  • Questo quiz è stato fatto 542 volte
  • Il punteggio medio è 4 su 15
Statistiche sulle risposte
testo parola/e % Corretto
Non ho da cambiare, non è che c'hai il _____? Pensavo fosse amore e invece eri una _____ resto escort
71%
Più dei gioielli ed orologi, anelli che ho alle dita, più di questa _____, più della stessa vita libertà
53%
Ed ho visto un angelo con gli occhi scuri ed i ____ più corti del ____ capelli fiato
44%
Vogliono cambiarmi ma sono nato per questo, giovane __, perché dovrei ______ adesso? re cambiare
42%
Davanti a quel pallone sgonfio chiude gli occhi e _____ col mondo sognando di scendere in campo palleggia
40%
Mi aspetto che ti piaccia stare sotto le coperte e non sopra le ______ copertine
38%
Sei come quella foto ____, bella senza farlo apposta mossa
33%
Non ho un piano, uno schema, né _____, non avrò mai niente da perdere regole
23%
E sto insieme a una ragazza mezza _____, mezza _____ e se lo Stato non mi salva, io me ne vado dall'Italia francese pazza
16%
Io non pensavo al successo né alle ____ su YouTube, queste tipe, 'sti ____, 'ste collane sono in più view vestiti
15%
Ricordo già dalla terza media classificato tra i ______ della classe media ragazzi
13%
Siamo come un ______ di perla, un _______ a stella dentro un sotto ____ orecchino cacciavite sella
12%
Dicono "Allah è grande", ma noi che ne sappiamo? Chiedilo a _____, che facciamo? Ariana
10%
Sei _____ _____, zio, non fare il gangsta, sto coi criminali e neanche uno rappa David Guetta
5%
Metti che ti dirò quel che penso e non ti ho detto fino a ____, vieni e balla con il poeta, _______
stasera DanTedua
5%
Nessun quiz corrispondente trovato
Distribuzione punteggi
Percentuale di utenti per punteggio
Percentile per numero di risposta
I tuoi punteggi nel tempo
Non hai fatto questo quiz